000 00425nam a2200193Ia 4500
005 20240823051427.0
008 240823s9999||||xx |||||||||||||| ||und||
020 _a81-86056-26-2
041 _aMALAYALAM
082 _A814.54 N8
100 _aSalim B
245 0 _aUnguarded Moments
250 _a1st
260 _c1998
_b#VALUE!
500 _aTRANSFERED
650 _aPoems
_bGeneral
942 _cBK
999 _c219570
_d219570